书目信息 |
| 题名: |
法律和社会科学
|
|
| 作者: | 苏力 主编 | |
| 分册: | 第12卷(2013年) | |
| 出版信息: | 北京 法律出版社 2013 |
|
| 页数: | 329页 | |
| 开本: | 23cm | |
| 丛书名: | ||
| 单 册: | ||
| 中图分类: | D9-53 | |
| 科图分类: | ||
| 主题词: | 法律--文集 , 法律 | |
| 电子资源: | ||
| ISBN: | 978-7-5118-5993-8 | |
| 000 | 00937nam0 2200265 450 | |
| 001 | 523 | |
| 005 | 20140905101549.75 | |
| 010 | @a978-7-5118-5993-8@dCNY50.00 | |
| 100 | @a20140409d2013 em y0chiy50 ea | |
| 101 | 0 | @achi@eeng |
| 102 | @aCN@b110000 | |
| 105 | @ay z 000yy | |
| 106 | @ar | |
| 200 | 1 | @a法律和社会科学@AFa Lu^ He She Hui Ke Xue@h第12卷(2013年)@HDi 12 Juan (2013 Nian )@f苏力主编@FSu Li Zhu Bian |
| 210 | @a北京@c法律出版社@d2013 | |
| 215 | @a329页@d23cm | |
| 300 | @a北京大学比较法和法律社会学研究所主办 | |
| 304 | @a英文共同题名:Law and social sciences | |
| 330 | @a本书分为论文、评论、“科斯与波斯纳”批评3部分,收录《芝大法律经济学与中国物权法》、《中国土地征用中的强制性因素研究》、《破产法实施中的利益集团博弈》等文章。 | |
| 606 | 0 | @a法律@j文集 |
| 606 | 0 | @a法律 |
| 690 | @aD9-53@v5 | |
| 701 | 0 | @a苏力@ASu Li@f(1955~)@4主编 |
| 801 | 0 | @aCN@bTANGWEI@c20140603 |
| 905 | @b0840470-72@dD9-53@e476@f3 | |
| 法律和社会科学.第12卷(2013年)/苏力主编.-北京:法律出版社,2013 |
| 329页;23cm |
| 北京大学比较法和法律社会学研究所主办 |
| ISBN 978-7-5118-5993-8:CNY50.00 |
| 本书分为论文、评论、“科斯与波斯纳”批评3部分,收录《芝大法律经济学与中国物权法》、《中国土地征用中的强制性因素研究》、《破产法实施中的利益集团博弈》等文章。 |
| ● |
| 相关链接 |
|
|
|
|
正题名:法律和社会科学
索取号:D9-53/476
 
预约/预借
| 序号 | 登录号 | 条形码 | 馆藏地/架位号 | 状态 | 备注 |
| 1 | 0840470 | 208404706 | 第一样本阅览室/ [索取号:D9-53/476] | 在馆 | |
| 2 | 0840471 | 208404715 | 第一借阅区/ [索取号:D9-53/476] | 在馆 | |
| 3 | 0840472 | 208404724 | 密集书库-史法系/ [索取号:D9-53/476] | 在馆 |